00758nam a2200181 a 4500003000200000005001700002008004100019050002800060100002600088245011600114260009200230300004600322504004200368650004600410650004000456650003500496650004500531020250314121222.0071127s19uu xx 00 eng d aPGS JC 571b.St847 2007 aStevenson, Stephanie. aAwareness of specific rights of grade 6 & 7 students of Southville International School /cStephanie Stevenson. aLas Piñas City, Philippines : bSouthville International School and Colleges,c2007. a34 pages : billustrations ; c28 cm.  a Includes bibliographical references. aChildren’s rightsvStudy and teaching.  aHuman rights awareness in children. aCivic educationvHuman rights. aStudents’ perceptions on human rights.